Khẩu ngữ tiếng Hán cao cấp, tập 2

Wedi'i Gadw mewn:
Manylion Llyfryddiaeth
Fformat: Llyfr
Tagiau: Ychwanegu Tag
Dim Tagiau, Byddwch y cyntaf i dagio'r cofnod hwn!
Thư viện lưu trữ: Mạng thư viện Đại học Đà Nẵng
LEADER 00416nam a22001691a 4500
001 000036812
003 13107
005 20160412014930.0
008 160412s0 000
082 |a 4H(07)227 
245 |a Khẩu ngữ tiếng Hán cao cấp, tập 2 
OWN |a LNN 
999 |a From the UDN01 
TYP |a Monograph 
980 |a Mạng thư viện Đại học Đà Nẵng